000 00570nam a2200205Ia 4500
003 OSt
005 20260305162021.0
008 210210b1932 xxu||||| |||| 00| 0 eng d
040 _cAL
041 _aHindi
082 _a863/111
100 _aSHUDRAK
_dशूद्रक
_9257890
245 _aMrischakatika
_bमृच्छकटिकम्
260 _aPrAyAg
_b-
_c1932
650 _aMrischakatita
_9257891
690 _aHindi Drama
_9257892
700 _aLALA (Sitaram)
_d लाला (सीताराम) tr
_9257893
906 _a023488
942 _2ddc
_cBK
999 _c148458
_d148458